| Tag |
First Indicator |
Second Indicator |
Subfields |
| LEADER |
00000cam a2200000 a 4500 |
| 001 |
in00002016305 |
| 005 |
20151031160723.0 |
| 008 |
040407s2004 mau 000 1 eng |
| 010 |
|
|
|a 2004047499
|
| 020 |
|
|
|a 0618452443
|
| 035 |
|
|
|a (OCoLC)ocm54974324
|
| 040 |
|
|
|a DLC
|c DLC
|d TXA
|d UtOrBLW
|
| 043 |
|
|
|a n-us-ny
|a n-us-ri
|
| 049 |
|
|
|a TXAM
|
| 050 |
0 |
0 |
|a PS3501.U25
|b E27 2004
|
| 082 |
0 |
0 |
|a 813/.54
|2 22
|
| 100 |
1 |
|
|a Auchincloss, Louis.
|
| 245 |
1 |
0 |
|a East Side story :
|b a novel /
|c Louis Auchincloss.
|
| 264 |
|
1 |
|a Boston :
|b Houghton Mifflin,
|c 2004.
|
| 300 |
|
|
|a 227 pages ;
|c 22 cm.
|
| 336 |
|
|
|a text
|b txt
|2 rdacontent
|
| 337 |
|
|
|a unmediated
|b n
|2 rdamedia
|
| 338 |
|
|
|a volume
|b nc
|2 rdacarrier
|
| 650 |
|
0 |
|a Scottish Americans
|v Fiction.
|
| 651 |
|
0 |
|a Upper East Side (New York, N.Y.)
|v Fiction.
|
| 650 |
|
0 |
|a Upper class families
|v Fiction.
|
| 651 |
|
0 |
|a New York (N.Y.)
|v Fiction.
|
| 651 |
|
0 |
|a Newport (R.I.)
|v Fiction.
|
| 650 |
|
0 |
|a Rich people
|v Fiction.
|
| 650 |
|
0 |
|a Socialites
|v Fiction.
|
| 655 |
|
7 |
|a Historical fiction.
|2 gsafd
|
| 655 |
|
7 |
|a Domestic fiction.
|2 lcgft
|
| 856 |
4 |
2 |
|3 Publisher description
|u http://www.loc.gov/catdir/description/hm051/2004047499.html
|t 0
|
| 994 |
|
|
|a E0
|b TXA
|
| 948 |
|
|
|a cataloged
|b h
|c 2005/1/7
|d c
|e jlanham
|f 3:11:22 pm
|
| 999 |
|
|
|a MARS
|
| 999 |
f |
f |
|s a55a80ed-12f1-33a1-aaa9-b78bbbbad54a
|i e11554e6-1ba1-373e-bf39-cd1295fba7be
|t 0
|
| 952 |
f |
f |
|p ric
|a Texas A&M University
|b Rellis Campus
|c Joint Library Facility
|d Remote Storage
|t 0
|e PS3501.U25 E27 2004
|h Library of Congress classification
|i unmediated -- volume
|m A14831728507
|
| 998 |
f |
f |
|a PS3501.U25 E27 2004
|t 0
|l Remote Storage
|